000 00788nam a2200241Ia 4500
003 OSt
005 20220926003602.0
006 a|||||r|||| 00| 0
007 ta
008 220923b |||||||| |||| 00| 0 eng d
020 _a9780195694062
_c275.00
037 _b2208, 13/12/2019, Dhanraj Book House
_cGeneral Book
040 _aRTL
_cRTL
_beng
041 _2eng
_aeng
082 _aY5927.1, P8
100 _aLIMBALE Sharankumar
_9307576
245 0 _aOutcaste
_b Akkarmashi. Translated from Marathi by Santosh Bhoomkar
260 _a New Delhi
_bOxford University Press
_c2008
300 _axxv, 121p.
_ccm.
650 _aSociology
942 _hY5927.1, P8
_cGB
_2CC
999 _c608282
_d608282